000 00674 a2200193 4500
999 _c183438
_d183438
005 20211227095310.0
010 _aENG-130619
020 _a978-93-5460-144-6
_c475.00
035 _aEN-114153
037 _bDBAD/PUB
082 _a320.954
_22th,Ed.
100 _aLaxmikanth, M
245 _aObjective Indian Polity:
_bFor Civil Services Preliminary Examination/
_cM Laxmikanth
250 _a2Nd
260 _bMcGraw Hill Education Private Limted
_aChennai
_c2022
270 _aAnjana Complex No: 5/90 A, Butt Road, St. Thomas Mount, Chennai
_bChennai
_e600016
300 _avii-xvii, 416p.
_c24cm (pbk)
942 _adpl
_cEN
_2ddc
_h320.954
_mLAX
_e2Nd, Ed.